Best Real Madrid players 2000s - Statistics

General Stats
  • This quiz has been taken 54 times
  • The average score is 8 of 10
Answer Stats
Order Country Players % Correct
3 Portugal Ronaldo
98%
1 Spain Raùl
91%
2 France Zidane
91%
8 England Beckham
86%
9 Spain Ramos
86%
4 Spain Casillas
84%
6 Portugal Figo
84%
10 Portugal Pepe
82%
5 Brazil Roberto Carlos
75%
7 Brazil Ronaldo Nazàrio
52%
No matching quizzes found
Score Distribution
Percent of People with Each Score
Percentile by Number Answered
Your Score History
You have not taken this quiz